Nghiên cứu đề xuất mô hình hỗ trợ tâm lý học đường tại các trường THCS thành phố Đà Năng (thí điểm tại trường THCS Tây Sơn)

Đã lưu trong:
Bibliografiske detaljer
Hovedforfatter: Nguyễn Thị Trâm Anh (Chủ nhiệm đề tài)
Format: Bog
Udgivet: 2014
Tags: Tilføj Tag
Ingen Tags, Vær først til at tagge denne postø!
Thư viện lưu trữ: Mạng thư viện Đại học Đà Nẵng
LEADER 00843nam a2200229 4500
001 000023269
003 19719
005 20150814140812.0
008 150814s2014 sd
100 1 |a Nguyễn Thị Trâm Anh  |e Chủ nhiệm đề tài 
245 1 0 |a Nghiên cứu đề xuất mô hình hỗ trợ tâm lý học đường tại các trường THCS thành phố Đà Năng (thí điểm tại trường THCS Tây Sơn)  |c Nguyễn Thị Trâm Anh 
260 |c 2014 
500 |a Đề tài NCKH cấp Trường Đại học Sư Phạm Đà Nẵng . Mã số : T2013-03-31 
OWN |a LSP 
999 |a From the UDN01 
TYP |a Mixed Materials 
TYP |a Monograph 
TYP |a Printed language 
980 |a Mạng thư viện Đại học Đà Nẵng